<?xml version="1.0" encoding="UTF-8"?>
<collection xmlns="http://www.loc.gov/MARC21/slim">
 <record>
  <leader>01524nam a22002891  4500</leader>
  <controlfield tag="001">1/49888</controlfield>
  <controlfield tag="008">040113s2000    gr       0    0 11  eng d</controlfield>
  <datafield tag="020" ind1=" " ind2=" ">
   <subfield code="a">9605380269 (τ.3)</subfield>
  </datafield>
  <datafield tag="020" ind1=" " ind2=" ">
   <subfield code="a">9605381087 (τ.4)</subfield>
  </datafield>
  <datafield tag="020" ind1=" " ind2=" ">
   <subfield code="a">9605381095 (τ.5)</subfield>
  </datafield>
  <datafield tag="035" ind1=" " ind2=" ">
   <subfield code="l">21260</subfield>
  </datafield>
  <datafield tag="040" ind1=" " ind2=" ">
   <subfield code="a">DLC</subfield>
   <subfield code="b">GR-PeUP</subfield>
  </datafield>
  <datafield tag="082" ind1="0" ind2="0">
   <subfield code="a">519.5 ΔΙΑ</subfield>
  </datafield>
  <datafield tag="245" ind1="1" ind2="0">
   <subfield code="a">Διασφάλιση ποιότητας :</subfield>
   <subfield code="b">βασικά εργαλεία και μέθοδοι για τον έλεγχο της ποιότητας /</subfield>
   <subfield code="c">Αντώνης Α. Λουλούδης</subfield>
  </datafield>
  <datafield tag="260" ind1=" " ind2=" ">
   <subfield code="a">Πάτρα :</subfield>
   <subfield code="b">ΕΑΠ,</subfield>
   <subfield code="c">2000</subfield>
  </datafield>
  <datafield tag="500" ind1=" " ind2=" ">
   <subfield code="a">ΔΙΠ 50 ΛΟΥ/ΓΡΑ/ΠΑΠ</subfield>
  </datafield>
  <datafield tag="505" ind1="0" ind2=" ">
   <subfield code="a">T.3. Τεχνικές ελέγχου ποιότητας --Τ.4. Στατιστικός έλεγχος ποιότητας-- Τ.5. Δειγματοληψία</subfield>
  </datafield>
  <datafield tag="650" ind1=" " ind2="4">
   <subfield code="a">Στατιστική.</subfield>
  </datafield>
  <datafield tag="650" ind1=" " ind2="4">
   <subfield code="a">Ελεγχος ποιότητας.</subfield>
  </datafield>
  <datafield tag="650" ind1=" " ind2="4">
   <subfield code="a">Δειγματοληψία (Στατιστική).</subfield>
  </datafield>
  <datafield tag="700" ind1="1" ind2=" ">
   <subfield code="a">Λουλούδης, Αντώνιος Α.</subfield>
  </datafield>
  <datafield tag="700" ind1="1" ind2=" ">
   <subfield code="a">Γραφανάκης, Δημήτρης.</subfield>
  </datafield>
  <datafield tag="700" ind1="1" ind2=" ">
   <subfield code="a">Παπαργύρης Αθανάσιος.</subfield>
  </datafield>
  <datafield tag="710" ind1="2" ind2=" ">
   <subfield code="a">Ελληνικό Ανοικτό Πανεπιστήμιο.</subfield>
  </datafield>
  <datafield tag="852" ind1=" " ind2=" ">
   <subfield code="a">INST</subfield>
   <subfield code="b">UNIPILB</subfield>
   <subfield code="c">MAIN</subfield>
   <subfield code="e">20040709</subfield>
   <subfield code="h">519.5 ΔΙΑ</subfield>
   <subfield code="p">00142810</subfield>
   <subfield code="q">00142810</subfield>
   <subfield code="t">LOAN</subfield>
   <subfield code="v">τ.3:</subfield>
   <subfield code="y">0</subfield>
   <subfield code="z">τ.3</subfield>
   <subfield code="4">1</subfield>
  </datafield>
  <datafield tag="852" ind1=" " ind2=" ">
   <subfield code="a">INST</subfield>
   <subfield code="b">UNIPILB</subfield>
   <subfield code="c">MAIN</subfield>
   <subfield code="e">20040709</subfield>
   <subfield code="h">519.5 ΔΙΑ</subfield>
   <subfield code="p">00142811</subfield>
   <subfield code="q">00142811</subfield>
   <subfield code="t">LOAN</subfield>
   <subfield code="v">τ.4:</subfield>
   <subfield code="y">0</subfield>
   <subfield code="z">τ.4</subfield>
   <subfield code="4">1</subfield>
  </datafield>
  <datafield tag="852" ind1=" " ind2=" ">
   <subfield code="a">INST</subfield>
   <subfield code="b">UNIPILB</subfield>
   <subfield code="c">MAIN</subfield>
   <subfield code="e">20040709</subfield>
   <subfield code="h">519.5 ΔΙΑ</subfield>
   <subfield code="p">00142812</subfield>
   <subfield code="q">00142812</subfield>
   <subfield code="t">LOAN</subfield>
   <subfield code="v">τ.5:</subfield>
   <subfield code="y">0</subfield>
   <subfield code="z">τ.5</subfield>
   <subfield code="4">1</subfield>
  </datafield>
 </record>
</collection>
